| 000 | 00542nam a2200193Ia 4500 | ||
|---|---|---|---|
| 008 | 131103s9999 xx 000 0 und d | ||
| 040 | _aLoreto College | ||
| 041 | _aEnglish | ||
| 082 |
_a822.33(ID)/OTH/MUI/822.33/T7/SHA _b#NAME? |
||
| 100 | _aShakespeare,Wilson | ||
| 245 |
_aOthello _cEdited by Kenneth Muir |
||
| 260 |
_aHarmoundsworth _bPenguin Book _c1968 |
||
| 300 |
_a217 p. _c 21 cm. |
||
| 504 | _aIncludes bibliographical references | ||
| 650 | _aEnglish Drama | ||
| 700 | _aMuir,Kenneth,ed. | ||
| 850 | _aLCLIB | ||
| 942 | _cBK | ||
| 999 |
_c4311 _d54790 |
||